00934nam a22001815i 4500001000700000003000900007005001700016008004100033100004900074245020400123260006000327300002800387650002400415655003500439700003800474710007800512852016200590160004ES-MaACL20250716063317.0021029s1878 sp |||| | spa d1 aMontaldo y Peró, Federico,d1859-1912eaut10aDiscursos leídos en la sesión inaugural del curso 1878 a 79 en el Ateneo de Alumnos Internos de la Facultad de Medicina de Madrid / cpor Federico Montaldo y Peró y Agustín García Andradas. aMadrid : b[s.n.], c1878f(Imp. de Álvarez Hermanos) a37 páginas ; c21 cm. 4aMedicina-vHistoria 42tgfbneaDiscursos académicos1 aGarcía Andradas, Agustíneaut2 aAteneo de los Alumnos Internos de la Facultad de Medicina de Madrid.eisb aES-MaACLcDEPOFgDedicatoria ms. del autor a Laureano FiguerolahDonativo Bosch jT-1270-F-1 xEnc. en un vol. facticioxHolandesa conservando cub. original